• 首页
  • 本馆介绍
  • 公告通知
  • 最新文献
  • 馆藏检索
  • 电子资源
  • 读者导购
  • 参考咨询
  • 我的图书馆
  • 登录
  • 详细信息显示
  • 放入我的书架
  • 预约/预借图书
  • 作者相关作品
  • 分类相关作品
  • 丛书相关作品
  • 出版社相关作品

书目信息

  • 表格格式
  • 工作单格式
  • 卡片格式
题名:
太极拳师门对话录
    
 
作者: 蒋家骏 著
分册:  
出版信息: 北京   人民军医出版社  2010
页数: 21,227页
开本: 24cm
丛书名:
单 册:
中图分类: G852.11
科图分类:
主题词: 太极拳--基本知识 , 太极拳
电子资源:
ISBN: 978-7-5091-3444-3
000 01126nam0 2200265 45
001 1130195125
005 20110309094022.54
010    @a978-7-5091-3444-3@dCNY32.00
100    @a20110123d2010 em y0chiy50 ea
101 0  @achi
102    @aCN@b110000
105    @aa z 000yd
106    @ar
200 1  @a太极拳师门对话录@ATai Ji Quan Shi Men Dui Hua Lu@e太极宗师洪均生言传身教原始记录@ETai Ji Zong Shi Hong Jun Sheng Yan Chuan Shen Jiao Yuan Shi Ji Lu@f蒋家骏著@FJiang Jia Jun Zhu
210    @a北京@c人民军医出版社@d2010
215    @a21,227页@c图,照片@d24cm
300    @a蒋家俊太极拳师承学堂三部曲
330    @a本书介绍了陈式太极拳宗师陈发科、洪均生及再传弟子蒋家骏三代人对陈式太极拳研习、继承和发扬光大的感人故事。作者通过谈话和笔录的形式,真实地再现了陈、洪拳师的精湛拳艺和对拳法、理法的精辟论述。
517 1  @a太极宗师洪均生言传身教原始记录@ATai Ji Zong Shi Hong Jun Sheng Yan Chuan Shen Jiao Yuan Shi Ji Lu
606 0  @a太极拳@x基本知识
606 0  @a太极拳
690    @aG852.11@v4
701  0 @a蒋家骏@AJiang Jia Jun@f(1942~)@4著
801  0 @aCN@bTANGWEI@c20110309
905    @b0530356-59@dG852.11@e168@f4
    
    太极拳师门对话录:太极宗师洪均生言传身教原始记录/蒋家骏著.-北京:人民军医出版社,2010
    21,227页:图,照片;24cm
    蒋家俊太极拳师承学堂三部曲
    
    ISBN 978-7-5091-3444-3:CNY32.00
    本书介绍了陈式太极拳宗师陈发科、洪均生及再传弟子蒋家骏三代人对陈式太极拳研习、继承和发扬光大的感人故事。作者通过谈话和笔录的形式,真实地再现了陈、洪拳师的精湛拳艺和对拳法、理法的精辟论述。
●
相关链接 在E读中查询图书 在五车中查询图书 在当当中查询图书 在豆瓣中查询图书


正题名:太极拳师门对话录     索取号:G852.11/168         预约/预借

序号 登录号 条形码 馆藏地/架位号 状态 备注
1 0530356   205303562   第一样本阅览室/ [索取号:G852.11/168] 在馆    
2 0530357   205303571   第四借阅区/ [索取号:G852.11/168] 在馆    
3 0530358   205303580   第四借阅区/ [索取号:G852.11/168] 在馆    
4 0530359   205303599   密集书库-体育系/ [索取号:G852.11/168] 在馆    
唐山师范学院图书馆 欢迎您!
大连网信软件有限公司© 版权所有